| 000 | 00603cam a2200229 4500 | ||
|---|---|---|---|
| 001 | B1042 | ||
| 008 | 090401t1980 xxu||||| |||| 00| 0 eng d | ||
| 035 | _a(Sirsi) u42324 | ||
| 041 | _aeng | ||
| 050 | _a333.33094134 | ||
| 110 |
_aBernard Thorpe and Partners _92958 |
||
| 245 | _aProperty market report: Edinburgh and Glasgow | ||
| 260 |
_aLondon _bBernard Thorpe and Partners _c1980 |
||
| 300 | _a40p. : ill. ; 30cm. | ||
| 350 | _a27.5 | ||
| 650 | _aINDUSTRIAL PROPERTY | ||
| 650 | _aOFFICES | ||
| 650 |
_aRESIDENTIAL PROPERTY _96266 |
||
| 650 | _aSHOPS | ||
| 942 | _n0 | ||
| 948 | _c04/03/1997 | ||
| 999 |
_c91072 _d91072 |
||